000 00640nam 22001813 4500
001 200680
090 _a200680
100 _a20260223d u||y0pory50 ba
200 _aO ausente
_fJoaquim Paço D'Arcos
_ecomédia dramática : em três actos
210 _aLisboa
_cPareceria A. M. Pereira
_dimp.1944
215 _a122, [1] p.
_cbrochado
_d19 cm
317 _a. -Oferta de Maria Felizarda de Almeida e Maria Ribeiro Belga ao Prof. Dr. Almeida Faria
606 _924
_aLiteratura Portuguesa
_xTeatro
675 _a821.134.3-2
_vPT
_zpor
700 _94183
_aPaço d' Arcos
_bJoaquim
_f1908-1979
801 _aPT
_bBMMN
_gRPC
830 _cAna
_fAna
990 _cLIVROS